000 00298nam a2200109Ia 4500
008 190216s9999||||xx |||||||||||||| ||und||
100 _aBhatia V.B
245 0 _aTextbook Of Astronomy And Astro Physics With Elements Of Cosmology
260 _bNarosa Pubs House
_c2001
300 _a386p
942 _cBK
999 _c33779
_d33779